| 000 | 01007cam a22002775a 4500 | ||
|---|---|---|---|
| 001 | 17903503 | ||
| 005 | 20161012145654.0 | ||
| 008 | 130930t2014 njua frb 001 0 eng d | ||
| 020 | _a9781118775790 | ||
| 040 |
_aDLC _beng _cDLC _dDLC _dEG-ScBUE |
||
| 082 | 0 | 4 |
_a332.645 _222 _bSCH |
| 100 | 1 |
_aScheier, M. William. _941506 |
|
| 245 | 1 | 0 |
_aPivots, patterns and intraday swing trades : _bderivatives analysis with the e-mini and Russell futures contracts / _cM. William Scheier, valhallafutures.com. |
| 260 |
_aHoboken : _bJohn Wiley & Sons, _cc.2014. |
||
| 300 |
_axiii, 222 p. : _bill. ; _c24 cm. |
||
| 490 | 0 | _aWiley trading series. | |
| 500 | _aIndex : p. 215-222. | ||
| 504 | _aBibliography : p. 209-214. | ||
| 650 | 7 |
_aTechnical analysis (Investment analysis) _2BUEsh _941507 |
|
| 650 | 7 |
_aSpeculation. _2BUEsh _935036 |
|
| 650 | 7 |
_aStocks _vCharts, diagrams, etc. _2BUEsh _936717 |
|
| 650 | 7 |
_aDerivative securities. _2BUEsh _93234 |
|
| 651 | _2BUEsh | ||
| 653 |
_bBUSBOL _cOctober2016 |
||
| 942 | _2ddc | ||
| 999 |
_c22538 _d22510 |
||